Online
Catalog

Onésimo Redondo : (Record no. 14006)

MARC details
000 -CABECERA
campo de control de longitud fija 00813cam a2200241 a 4500
001 - NÚMERO DE CONTROL
campo de control 000014415
005 - FECHA Y HORA DE LA ÚLTIMA TRANSACCIÓN
campo de control 20200929163841.0
008 - DATOS DE LONGITUD FIJA--INFORMACIÓN GENERAL
campo de control de longitud fija 760803s1975 sp 000 0 spa
020 ## - NÚMERO INTERNACIONAL ESTÁNDAR DEL LIBRO
Número Internacional Estándar del Libro 8432505277
040 ## - FUENTE DE LA CATALOGACIÓN
Centro catalogador/agencia de origen DO-SdBNP
Lengua de catalogación spa
Centro/agencia transcriptor LC
Centro/agencia modificador BNPHU
082 ## - NÚMERO DE LA CLASIFICACIÓN DECIMAL DEWEY
Número de clasificación 320.946
Número de documento/Ítem R319ó
049 ## - FONDOS LOCALES (OCLC)
Fondos de biblioteca BNGR
100 1# - ENTRADA PRINCIPAL--NOMBRE DE PERSONA
Nombre de persona Redondo, Onésimo,
Fechas asociadas al nombre 1905-1936.
9 (RLIN) 32525
245 00 - MENCIÓN DE TÍTULO
Título Onésimo Redondo :
Resto del título textos políticos /
Mención de responsabilidad, etc. Onésimo Redondo.
260 ## - PUBLICACIÓN, DISTRIBUCIÓN, ETC.
Lugar de publicación, distribución, etc. Madrid :
Nombre del editor, distribuidor, etc. Doncel,
Fecha de publicación, distribución, etc. 1975.
300 ## - DESCRIPCIÓN FÍSICA
Extensión 326 p. ;
Dimensiones 18 cm.
490 1# - MENCIÓN DE SERIE
Mención de serie El Libro de Bolsillo Doncel,
Designación de volumen o secuencia 77
651 #4 - PUNTO DE ACCESO ADICIONAL DE MATERIA--NOMBRE GEOGRÁFICO
Nombre geográfico España
Subdivisión general Política Y Gobierno
Subdivisión cronológica 1931-1939.
9 (RLIN) 18898
651 4# - PUNTO DE ACCESO ADICIONAL DE MATERIA--NOMBRE GEOGRÁFICO
Nombre geográfico España
Subdivisión general Condiciones Sociales
9 (RLIN) 3502
610 20 - PUNTO DE ACCESO ADICIONAL DE MATERIA--NOMBRE DE ENTIDAD CORPORATIVA
Nombre de entidad corporativa o nombre de jurisdicción como elemento de entrada Juntas Ofensivas Nacional-Sindicalistas.
9 (RLIN) 32526
830 #0 - PUNTO DE ACCESO ADICIONAL DE SERIE-TÍTULO UNIFORME
Título uniforme El Libro de Bolsillo Doncel,
Designación de volumen o secuencia 77
9 (RLIN) 8628
910 ## - DATOS DE OPCIÓN DEL USUARIO (OCLC)
Datos de opción del usuario Catalogación por copia / LC
Holdings
Estado de retiro Estado de pérdida Restricciones de uso No para préstamo Código de colección Localización permanente Ubicación/localización actual Ubicación en estantería Fecha de adquisición Número de inventario Total de préstamos Signatura topográfica completa Código de barras Fecha visto por última vez Precio válido a partir de Tipo de ítem Koha Número de copia
      Excluido de préstamo Monografías: Libros y Folletos General General En catalogación 14.12.2009 LF1   320.946 R319ó 14415-10 25.06.2020 25.06.2020 No se presta  
      Excluido de préstamo Monografías: Libros y Folletos General General En catalogación 14.12.2009 LF1   320.946 R319ó 14415-20 25.06.2020 25.06.2020 No se presta e.2
      Excluido de préstamo Monografías: Libros y Folletos General General En catalogación 14.12.2009 LF1   320.946 R319ó 14415-30 25.06.2020 25.06.2020 No se presta e.3

Powered by Koha